| 000 | 00428nam a2200169 a 4500 | ||
|---|---|---|---|
| 001 | 32 | ||
| 003 | CO-ViMGA | ||
| 008 | 141112s2004 ck r 000 u spa d | ||
| 040 |
_aCO-ViMGA _bspa _cCO-ViMGA |
||
| 082 | 0 | 4 | _a811.32 P63c |
| 100 | 1 |
_aPoe, Edgar Alan _947742 |
|
| 245 | 1 | 0 |
_aEl cuervo / _cEdgar Alan Poe |
| 260 |
_aBogotá : _bAncora, _c1994 |
||
| 300 | _a63 p | ||
| 650 | 1 | 4 |
_aPOESIA ESTADOUNIDENSE _93139 |
| 942 |
_2ddc _cBK |
||
| 999 |
_c12287 _d12287 |
||